| 000 | 00475cam a2200169ua 4500 | ||
|---|---|---|---|
| 020 | _a0-09-15121-7 | ||
| 041 |
_aeng _h |
||
| 082 |
_a028.72624 _bSMI/MA |
||
| 100 | _aSmith, Maxwell . | ||
| 245 | 0 | 0 |
_aManual of British standards in building construction and specification / _cMaxwell Smith. _hTextual Documents |
| 250 |
_a1 / _b. |
||
| 260 |
_aLondon : _bBritish Standards Institution , _c1985. |
||
| 300 | _a330 ; . | ||
| 504 | _a | ||
| 942 | _cBK | ||
| 999 |
_c5558 _d5558 |
||